Quizzes
Events
Quiz Creation
Community
Videos
Private Events
Remove Ads
Sign In
Join for FREE
Feedback
Dark Mode
Quiz Categories
Sports
Geography
Music
Movies
Television
Just For Fun
Miscellaneous
History
Literature
Language
Science
Gaming
Entertainment
Religion
Holiday
For Kids
Quiz Lab
Recent
Popular Today
Quiz Kudos Today
Editor Picks
Curator Picks
Quizzes by...
Day
Popularity
Type
Ratings
Length
Year
Community
Subscriptions
Recent Discussions
Orange Saloon
Badges
Playlists
Quests
Create
Leaderboards
Showdown
Live 5
Trivia Bingo
Activity
Puzzle Library
Sporcle Events
Private Events
Virtual Trivia
Globe League
Become a Host
Pub Owners
SporcleCon
Opinionation
Our Games
Videos
Blog
Mobile Apps
Partnerships
Remove Ads and Go Orange
Feedback
Gaming
Video Games
Board Games
Card Games
Pokémon
Mario
Nintendo
Minecraft
Console
Toys
Legend of Zelda
Gaming
Video Games
Board Games
Card Games
Pokémon
Mario
Nintendo
Minecraft
Console
Toys
Legend of Zelda
Random Quiz
Search Sporcle
×
Quiz Lab
Quiz Lab
Gaming
1-3
Type in answers that appear in a list
Type in answers that appear in a list
Classic
Best Score? Go Orange.
Ratchet and Clank Planets Stats
Can you name the Planets in Ratchet And Clank 1-3?
By
Xolotl123
5m
41 Questions
689 Plays
689 Plays
689 Plays
Comments
Comments
Give Quiz Kudos
Give Quiz Kudos
-
- Ratings
hide this ad
More Info
Replay
Link that replays current quiz
Next Quiz
Link to next quiz in quiz playlist
You Got
0%
They Got
Avg Score
65%
Avg Friend Score
Upgrade to see
Score Distribution
Jump to the score distribution portion of the page
Score
0/41
Timer
05:00
0
Plays Today
Planets
% Correct
Veldin
96.1%
Kerwan
92.6%
Aridia
87.8%
Pokitaru
86.8%
Rilgar
86.6%
Novalis
85.1%
Orxon
80.6%
Eudora
79.4%
Umbris
77.5%
Oozla
74.5%
Gaspar
74.3%
Hoven
71.8%
Boldan
68.9%
Quartu
68.2%
Barlow
68.2%
Dobbo
68.2%
Joba
67.3%
Yeedil
67.3%
Aranos
67.1%
Florana
66.6%
Aquatos
65.7%
Planets
% Correct
Endako
65.6%
Kalebo III
64.2%
Snivelak
63.4%
Battalia
63%
Oltanis
63%
Siberius
62.4%
Marcadia
61.4%
Notak
60.5%
Damosel
60.5%
Tabora
59.7%
Todano
57.9%
Grelbin
57.6%
Zeldrin
54.4%
Smolg
52%
Gorn
51.4%
Daxx
50.8%
Holostar Studios
46.7%
Mylon
42.8%
Koros
41.2%
Tyrrhanosis
25%
Quiz Playlist
Details
Report
Send in Message
Add To Playlist
More Info:
Only planets count, any outerspace-based locations aren't included (moons, asteroid belts etc..)
Classic:
Type in answers that appear in a list
Last Updated: Feb 16, 2017
Quiz Scoreboard
CHALLENGE
Sign Up to Join the Scoreboard
Show All
Scores
Hide
Comments
May contain spoilers
Recently Published
One Thing in Common: World Cities II
by knightlancer
Geography
7m
Popular People in 1961
by mucciniale
History
6m
1-10 Letter E Words III
by El_Dandy
Language
2m
More to Explore
Quiz From the Vault
Featured Blog Post
Where Did the Easter Bunny Come From?
hide this ad
You Might Also Like...
Tags
1-3
clank
Extra
planet
ratchet
Today's Top Quizzes in Gaming
Browse Gaming
hide this ad
Top Contributed Quizzes in Gaming
1
Destiny 2 exotic weapons by perk icons
2
Who's on the WWE 2K24 Cover?
3
Windmill: Pokémon
4
Overwatch 2 Heroes by Selection Quote
5
Genshin murder mystery
6
Overwatch 2: Ultimate Ability Icons
7
Franchise by Action Figure
8
Legendary or Exotic?
9
Genshin Impact Logic Puzzle
10
Genshin Impact Logic Puzzle Quiz
Explore More
Trending Topics
Anime
Crossword
NBA
Disney
Kpop
Marvel
Harry Potter
Country
Pokémon
Soccer
WWE
NFL
Song
Puzzle
The Office
hide this ad
More By:
Xolotl123
Quiz
Plays
Rating
Category
Featured
Created
British Geography Bunker
8,578
3.88
Geography
May 20, 2013
Most/Least Guessed Pokémon (Gen I)
7,998
4.45
Gaming
Oct 21, 2013
Pokémon Sixes
3,403
4.65
Gaming
Oct 29, 2012
One Syllable Pokémon Moves
2,520
4.57
Gaming
Mar 1, 2013
Digimon Grabbag
2,156
3.75
Gaming
Apr 5, 2013
Go to Creator's Profile
Score Distribution
Quiz Creator Spotlight
Xolotl123
Follow
Send a Message
Quizzes Created
-
Created Quiz Play Count
-
More By This Creator
Popular Quizzes Today
1
Find the US States - No Outlines Minefield
2
Find the Countries of Europe - No Outlines Minefield
3
The Countries of the World
4
Popular People in 1961
5
1-10 Letter E Words III
6
Find the US States
7
One Thing in Common: World Cities II
8
US States
More Gaming Quizzes
WoW WoD: Dungeons by Loading Screen
Quiz Lab
Trending Quizzes
Risky Map Clicking: Least Populous States A-Z
1-10 Letter F Words
1-10 Letter G Words
One Thing in Common: United Kingdom
Risky Map Clicking: Biggest States A-Z
Recently Updated
Leaping Animals
pecheneg
Reality TV Shows (A-Z)
bhenderson79
Rickey Henderson's Hall of Fame Teammates
pecheneg
Champions League XIs: Arsenal
pecheneg
Quick Pick: Celebrities in WWE's Hall of Fame
aduchscher
A-Z Keypad Blitz II
pecheneg
Multiple Oscar Actors
pecheneg
Mystery Phrase Blitz: Oscar 'Best Actors'
pecheneg
F. Scott Fitzgerald Novels
LTH
Pick 3 Villains
ddd62291
Trending Topics
Kpop
NBA
Anime
Disney
Crossword
Marvel
Harry Potter
Soccer
Pokémon
Puzzle
The Office
WWE
Song
NFL
Country
Your Account Isn't Verified!
In order to create a playlist on Sporcle, you need to verify the email address you used during registration. Go to your
Sporcle Settings
to finish the process.
Report this User
Report this user for behavior that violates our
Community Guidelines
.
Details:
Send Report
Go to the Sporcle.com Mobile Site →
Comments